Mannschaftskapitäne der Champions-League-Teams 2024/25 - Statistiken

Allgemein
  • Dieses Quiz wurde 55 mal gespielt
  • Das Durchschnittsergebnis liegt bei 9 aus 36
Antwortstatistiken
Verein Antwort % Korrekt
FC Bayern München Manuel Neuer
83%
Borussia Dortmund Emre Can
73%
FC Barcelona Marc-Andre ter Stegen
71%
FC Arsenal Martin Ödegaard
67%
Real Madrid Luka Modric
63%
FC Liverpool Virgil van Dijk
63%
Inter Mailand Lautaro Martinez
60%
Bayer 04 Leverkusen Lukas Hradecky
60%
RB Leipzig Willi Orban
56%
Paris Saint-Germain Marquinhos
38%
VfB Stuttgart Atakan Karazor
37%
Atletico Madrid Koke
37%
Manchester City Kyle Walker
31%
Aston Villa John McGinn
21%
PSV Eindhoven Luuk de Jong
21%
Benfica Lissabon Nicolas Otamendi
15%
OSC Lille Benjamin Andre
13%
AC Mailand Davide Calabria
13%
AS Monaco Denis Zakaria
12%
Club Brügge Hans Vanaken
10%
Schachtar Donezk Taras Stepanenko
10%
Juventus Turin Danilo
8%
RB Salzburg Janis Blaswich
8%
Feyenoord Rotterdam Quinten Timber
8%
Celtic Glasgow Callum McGregor
6%
FC Girona Cristhian Stuani
6%
FC Bologna Lewis Ferguson
6%
Atalanta Bergamo Rafael Toloi
6%
Sporting Lissabon Morten Hjulmand
4%
Slovan Bratislava Vladimir Weiss
2%
Dinamo Zagreb Arijan Ademi
0%
Stade Brest Brendan Chardonnet
0%
Sparta Prag Filip Panak
0%
BSC Young Boys Bern Loris Benito
0%
Sturm Graz Stefan Hierländer
0%
Roter Stern Belgrad Uros Spajic
0%
Keine übereinstimmenden Quizze gefunden
Verteilung der Resultate
Anzahl Personen mit jedem Resultat
Perzentil nach korrekt beantworteten Fragen
Ihre Resultats-Entwicklung
Sie haben dieses Quiz noch nicht gespielt